000
00279nam a22001337a 4500
008
180223b xxu||||| |||| 00| 0 eng d
020
_a
1882483324
041
_a
eng
080
_a
371
100
_a
25
101
_a
EDU
245
_a
Drawing Out
_c
Bassano, SH
942
_2
udc
_c
BK
999
_c
43270
_d
43270